Problems of using ADD-method and DROP-method for plant locations problem

Guardado en:
Detalles Bibliográficos
Autor principal: Gežík, Pavel, 1983-
Formato: Capítulo de libro
Lenguaje:inglés
Etiquetas: Agregar Etiqueta
Sin Etiquetas, Sea el primero en etiquetar este registro!

MARC

LEADER 00000naa$a2200000$$$4500
001 0237454
005 20240502073832.8
041 0 |a eng 
044 |a SK 
245 1 0 |a Problems of using ADD-method and DROP-method for plant locations problem  |c Pavel Gežík 
500 |a Abstrakt 
100 1 |a Gežík, Pavel, 1983-